Archäologische Quellen zum mittelalterlichen Handwerk in den Städten Mecklenburg-Vorpommerns
| Titel: | Archäologische Quellen zum mittelalterlichen Handwerk in den Städten Mecklenburg-Vorpommerns |
|---|---|
| Verfasser: | |
| In: |
Handwerk - Stadt - Hanse, (2000), Seite 53-80, 16 Abb. alle Artikel anzeigen |
| Veröffentlicht: | 2000 |
| Format: | Aufsatz |
| Sprache: | Deutsch |
X
alg: 39148749
001A $01999:11-11-16
001B $01999:25-04-21 $t10:52:12.000
001D $01999:11-11-16
001U $0utf8
001X $00
002@ $0Aox
003@ $0391487493
007A $0391487493 $aHEB
007T $0Herd39538
010@ $ager
011@ $a2000
021A $aArchäologische Quellen zum mittelalterlichen Handwerk in den Städten Mecklenburg-Vorpommerns
028A $7136516882 $8Schäfer, Heiko$Z1962- [Tp3] $9205967914
031A $h53-80, 16 Abb. $j2000
039B $aIn $8--Aau--. Handwerk - Stadt - Hanse. - Frankfurt am Main {[u.a.] : Lang, 2000. - 253 S.. - ISBN 3-631-36400-8 $x200000000000000947 $9093356331
045F $a330.0943816 $eDDC23BSB
045F/01 $a330.09
045F/03 $g43816
lok: 39148749 78
exp: 39148749 78 1 #EPN
201B/01 $003-04-17 $t17:54:34.000
201U/01 $0utf8
203@/01 $0787581615
208@/01 $a11-11-16 $be
209A/01 $a/ $f000 $x00
220C/01 $aTitelaufnehmer: js
244Z/01 $2Trx $#Pomeranija $#Pommern $#Pomoransko $#Pomořansko $#Hinterpommern;Vorpommern;Mittelpommern $#Pomorze Środkowe;Pomorze Przednie $#Pomořansko;Západní Pomořany; Pomořany $8--Trx--Pomorze Zachodnie $x01 $9391303775
244Z/01 $aGeschichte 1200-1500 $x02
244Z/01 $2Trx $#linnad $#miestai $#towns $#városok $#miejscowości ogólnie $#dejiny miest $#dějiny měst $8--Trx--Städtewesen $x03 $9391381458
244Z/01 $2Trx $#käsitöö $#amatai $#artisans $#kézmüvesség $#rzemiosło $#remeslá $#řemesla $#Gewerbe $#živnosti $8--Trx--Handwerk $x04 $9391357891
244Z/01 $2Trx $8--Trx--Einzelbeiträge $x05 $9391384570
245Z/01 $a09.04 $x01
247C/01 $82080>Marburg/Lahn, Herder-Institut, Forschungsbibliothek, Bibliographieportal $9336309341
| LEADER | 00000caa a22000002c 4500 | ||
|---|---|---|---|
| 001 | 391487493 | ||
| 003 | DE-603 | ||
| 005 | 20210425105212.0 | ||
| 007 | tu | ||
| 008 | 161111s2000 xx |||| | u00||u|ger c | ||
| 035 | |a (DE-599)HEB391487493 | ||
| 040 | |a DE-603 |b ger |c DE-603 |d DE-603 | ||
| 041 | |a ger | ||
| 082 | 0 | 4 | |8 1\u |a 330.0943816 |q DE-101 |2 23/BSB |
| 085 | |8 1\u |b 330.09 | ||
| 085 | |8 1\u |z 2 |s 43816 | ||
| 100 | 1 | |a Schäfer, Heiko |d 1962- |0 (DE-603)205967914 |0 (DE-588)136516882 |2 gnd | |
| 245 | 0 | 0 | |a Archäologische Quellen zum mittelalterlichen Handwerk in den Städten Mecklenburg-Vorpommerns |
| 264 | 0 | |c 2000 | |
| 773 | 0 | 8 | |i In |t Handwerk - Stadt - Hanse |d Frankfurt am Main [u.a.] : Lang, 2000 |h 253 S., 23 cm |z 3631364008 |g (2000), Seite 53-80, 16 Abb. |w (DE-603)093356331 |
| 924 | 0 | |9 2080 |a (DE-603)787581615 |b DE-2080 |c HES |d d |g / | |


